000 01239nab a22002657a 4500
999 _c5872
_d5872
003 OSt
005 20260127193632.0
008 190514b xxu||||| |||| 00| 0 spa d
040 _cPJ
100 _95888
_aDelgado Solis, Elba Érika
245 1 0 _aCuestiones patrimoniales derivadas de la unión convivencial :
_bun fallo de avances y vacíos /
_cErika Delgado Solis.
300 _ap. 166-175
505 _aSumario: I. Una breve introducción.— II. Análisis del caso.— III. Reflexiones finales.
505 _tFallo comentado: JFamilia Nro. 7, Mendoza, 18/03/2025. - D. B., C. E. c. G., J. A. s/ acciones patrimoniales de la unión convivencial.
505 _tSi te interesa el texto, comunicate a koha@justierradelfuego.gov.ar
650 0 _91497
_aCODIGO CIVIL Y COMERCIAL
650 0 _9967
_aDERECHO DE FAMILIA
650 0 _91053
_aUNIONES CONVIVENCIALES
650 0 _91134
_aVIOLENCIA FAMILIAR
650 0 _95328
_aRÉGIMEN DE COMUNIDAD DE BIENES
650 0 _94044
_aPERSPECTIVA DE GÉNERO
650 0 _91057
_aJURISPRUDENCIA APLICABLE
773 0 _02844
_93222
_dBuenos Aires : AbeledoPerrot, 1989-
_tDerecho de familia. Revista Interdisciplinaria de doctrina y jurisprudencia. Agosto 2025-IV
_z18511201
942 _2udc
_cANA